| 000 | 00621nab a2200181 4500 | ||
|---|---|---|---|
| 001 | 244442 | ||
| 003 | OSt | ||
| 005 | 20230815091354.0 | ||
| 007 | tu | ||
| 008 | 200917s2020||||||| | ||
| 040 |
_aDE-2950 _cDE-2950 |
||
| 245 | 0 | 0 |
_aVater will Schule gründen. _bBildung. Taro Murao möchte sich dafür einsetzen, dass auch in Frankfurt Kinder nach dem Konzept der Montessoripädagogik unterrichtet werden können/ _cSelim Pekel |
| 264 | _c2023 | ||
| 653 | _aFrankfurt (Oder) | ||
| 653 | _aMontessorischule | ||
| 773 | 0 |
_g34. Jahrgang (2023) Nr. 186 vom 11.08.2023, S. 13, mit Foto _tMärkische Oderzeitung |
|
| 942 |
_2z _cA |
||
| 999 |
_c372678 _d372678 |
||